[Event "DEM U10 2005"]
[Site "Willingen GER"]
[Date "2005.05.20"]
[Round "10"]
[White "Lebeda, Timo"]
[Black "Schnorr, Christian"]
[Result "1-0"]
[Termination "normal"]
[Board "24"]
[WhiteElo "1315"]
[BlackElo "1143"]
[PlyCount "159"]
[WhiteFideId "4638565"]
[EventCountry "GER"]
[EventRounds "11"]
[EventType "swiss"]
[EventDate "2005.05.15"]

1. e4 c5 2. d4 cxd4 3. c3 dxc3 4. Nxc3 e6 5. Nf3 Nc6 6. Bc4 d6 7. O-O Nf6 8.
Qe2 Be7 9. Rd1 O-O 10. e5 Ne8 11. Bf4 Qc7 12. Nb5 Qd8 13. exd6 Bf6 14. Rd2 a6
15. Nc7 Nxc7 16. dxc7 Qe8 17. Rad1 b5 18. Bd3 Bb7 19. Be4 Rc8 20. Qe3 Be7 21.
Qb6 Ba8 22. a3 Bf6 23. Qxa6 Ne7 24. Bxa8 Rxa8 25. Qb7 Qc6 26. Qxc6 Nxc6 27. Rd6
Ne7 28. Rd8 Nc6 29. Rxa8 Rxa8 30. Ne5 Na7 31. Nd7 Be7 32. Nb8 g6 33. Rd8+ Kg7
34. c8=Q Nxc8 35. Rxc8 g5 36. Bg3 b4 37. f4 bxa3 38. bxa3 Rxa3 39. fxg5 Bxg5
40. Rc4 Be3+ 41. Kf1 Ra2 42. Re4 Bh6 43. Re2 Rxe2 44. Kxe2 Kg6 45. Kf3 Kf5 46.
Nc6 f6 47. Ne7+ Kg5 48. Bf4+ Kh5 49. g4+ Kh4 50. Bxh6 Kh3 51. Bf4 Kh4 52. Bg3+
Kg5 53. h4+ Kh6 54. Kf4 Kg7 55. Nf5+ exf5 56. Kxf5 Kh6 57. h5 Kg7 58. Bd6 Kf7
59. Ba3 Kg7 60. Bb2 Kh6 61. Bc3 Kg7 62. Bxf6+ Kf7 63. Kg5 Kg8 64. Kh6 Kf7 65.
Bc3 Kg8 66. g5 Kf7 67. Kxh7 Kf8 68. g6 Ke7 69. g7 Kd6 70. g8=Q Kc5 71. Qe6 Kb5
72. Qd6 Kc4 73. Qd4+ Kb5 74. Kg6 Kc6 75. h6 Kb5 76. h7 Kc6 77. h8=R Kc7 78. Qf6
Kd7 79. Rh7+ Kc8 80. Qh8# 1-0

[Event "DEM U10 2005"]
[Site "Willingen GER"]
[Date "2005.05.20"]
[Round "10"]
[White "Collmer, Dominik"]
[Black "Plotkin, Alex"]
[Result "1-0"]
[Termination "normal"]
[Board "25"]
[WhiteElo "1216"]
[BlackElo "1060"]
[PlyCount "63"]
[WhiteFideId "4620763"]
[EventCountry "GER"]
[EventRounds "11"]
[EventType "swiss"]
[EventDate "2005.05.15"]

1. e4 e5 2. Nf3 Nc6 3. Bb5 Nf6 4. d3 d6 5. Bg5 Be7 6. Nc3 Bg4 7. O-O O-O 8. h3
Bh5 9. Bxc6 bxc6 10. Qe2 Nxe4 11. Qxe4 Bxg5 12. Nxg5 Qxg5 13. Qxc6 Rfc8 14.
Rfe1 f5 15. Kh1 f4 16. Rg1 f3 17. gxf3 Qf5 18. Rg3 Rf8 19. Kg2 Rae8 20. Qxc7
Bxf3+ 21. Kg1 Qf6 22. Qxa7 Ra8 23. Qe3 d5 24. Qd2 Qe6 25. a3 Rad8 26. Qg5 g6
27. Re1 d4 28. Rxf3 Rxf3 29. Qxd8+ Kg7 30. Qh4 Rxh3 31. Qf4 Rf3 32. Qxf3 1-0

[Event "DEM U10 2005"]
[Site "Willingen GER"]
[Date "2005.05.20"]
[Round "10"]
[White "Friedt, Marius"]
[Black "Titgemeyer, Sven"]
[Result "0-1"]
[Termination "normal"]
[Board "26"]
[WhiteElo "1127"]
[BlackElo "1041"]
[PlyCount "118"]
[WhiteFideId "4642830"]
[BlackFideId "24676934"]
[EventCountry "GER"]
[EventRounds "11"]
[EventType "swiss"]
[EventDate "2005.05.15"]

1. e4 e5 2. Nf3 Nc6 3. Bc4 Bc5 4. c3 Nf6 5. d4 exd4 6. cxd4 Bb4+ 7. Nc3 Nxe4 8.
O-O Bxc3 9. d5 Ne5 10. Nxe5 Bxe5 11. Re1 Qh4 12. g3 Qf6 13. Rxe4 O-O 14. Bf4
Bxf4 15. Rxf4 Qxb2 16. Qe1 Qa3 17. Rd1 Qd6 18. Bd3 b6 19. Qe2 Bb7 20. Rh4 h6
21. Qe4 f5 22. Qf4 Qxf4 23. Rxf4 Bxd5 24. Bxf5 Bc6 25. Bxd7 Bxd7 26. Rxf8+ Kxf8
27. Rxd7 c5 28. Kf1 c4 29. Rc7 b5 30. Ke2 a6 31. Kd2 g6 32. Kc3 Kg8 33. Kb4 Kf8
34. a4 Rb8 35. axb5 axb5 36. f4 Kg8 37. h4 Kh8 38. g4 Rf8 39. Kxb5 Rxf4 40.
Rxc4 Rxc4 41. Kxc4 Kg7 42. Kd4 Kf6 43. Ke4 Ke6 44. Kf4 Kd5 45. Kf3 g5 46. Kf2
Ke4 47. Kg3 Ke3 48. Kg2 Kf4 49. Kh2 Kxg4 50. hxg5 hxg5 51. Kg2 Kf4 52. Kf2 g4
53. Kg2 g3 54. Kf1 Kf3 55. Kg1 g2 56. Kh2 Kf2 57. Kh3 g1=Q 58. Kh4 Qg6 59. Kh3
Qg3# 0-1

[Event "DEM U10 2005"]
[Site "Willingen GER"]
[Date "2005.05.20"]
[Round "10"]
[White "Matschewsky, Justus"]
[Black "Meir, Lenz"]
[Result "1-0"]
[Termination "normal"]
[Board "27"]
[WhiteElo "1235"]
[BlackElo "993"]
[PlyCount "91"]
[WhiteFideId "24678708"]
[EventCountry "GER"]
[EventRounds "11"]
[EventType "swiss"]
[EventDate "2005.05.15"]

1. e4 c5 2. Nf3 d6 3. d4 cxd4 4. Nxd4 Nf6 5. Nc3 g6 6. Be3 Bg7 7. Bc4 O-O 8.
O-O Nc6 9. Nde2 a6 10. Qc1 Ng4 11. Bd2 Qc7 12. Ng3 Nd4 13. Bd3 f5 14. exf5 Bxf5
15. Nxf5 Nxf5 16. Nd5 Qd8 17. Re1 e5 18. Bc4 Kh8 19. Bg5 Qa5 20. b4 Qa4 21. Nb6
Qc6 22. Nxa8 Rxa8 23. Be2 Nf6 24. Bxf6 Bxf6 25. Bg4 Nh4 26. Bh3 g5 27. f3 Qb6+
28. Qe3 Qxe3+ 29. Rxe3 Rd8 30. Rd1 d5 31. Red3 d4 32. c3 Ng6 33. g3 Kg7 34. Bf5
Ne7 35. Be4 b6 36. Bb7 a5 37. bxa5 bxa5 38. Rb1 Nc8 39. Bxc8 Rxc8 40. cxd4 exd4
41. Rb7+ Kg6 42. Ra7 Rc5 43. g4 h5 44. Ra6 hxg4 45. fxg4 Kf7 46. Rf3 1-0

[Event "DEM U10 2005"]
[Site "Willingen GER"]
[Date "2005.05.20"]
[Round "10"]
[White "Klumpe, Jan-Karl"]
[Black "Riebold, Johannes"]
[Result "0-1"]
[Termination "normal"]
[Board "28"]
[WhiteElo "936"]
[BlackElo "1221"]
[PlyCount "54"]
[EventCountry "GER"]
[EventRounds "11"]
[EventType "swiss"]
[EventDate "2005.05.15"]

1. e4 e5 2. Nf3 Nc6 3. Bc4 Nf6 4. d3 h6 5. O-O Bc5 6. Be3 Bxe3 7. fxe3 d5 8.
exd5 Nxd5 9. Qd2 O-O 10. Na3 Nf6 11. Rad1 Qd6 12. d4 e4 13. Nb5 Qe7 14. Ne1 Bg4
15. Be2 Bxe2 16. Qxe2 a6 17. Na3 Rad8 18. c3 Rd7 19. Nec2 Rfd8 20. Qc4 Rd6 21.
Rf2 Ne5 22. Qb4 Nd3 23. Rxd3 exd3 24. Ne1 Qxe3 25. Nf3 Ne4 26. h3 Qxf2+ 27. Kh2
Rg6 0-1

[Event "DEM U10 2005"]
[Site "Willingen GER"]
[Date "2005.05.20"]
[Round "10"]
[White "Barden, Andrea"]
[Black "Sommer, Celin"]
[Result "1-0"]
[Termination "normal"]
[Board "29"]
[WhiteElo "990"]
[BlackElo "1162"]
[PlyCount "113"]
[WhiteFideId "24698822"]
[EventCountry "GER"]
[EventRounds "11"]
[EventType "swiss"]
[EventDate "2005.05.15"]

1. c4 e5 2. Nc3 Nc6 3. g3 Nf6 4. Bg2 Bb4 5. d3 d6 6. Bd2 Be6 7. Nf3 O-O 8. O-O
d5 9. cxd5 Nxd5 10. Nxd5 Bxd5 11. Bxb4 Nxb4 12. Nxe5 Bxg2 13. Kxg2 Qd5+ 14. Nf3
Rad8 15. Qa4 Nc6 16. a3 Ne5 17. Qf4 Nxf3 18. Qxf3 Qxf3+ 19. Kxf3 g5 20. Rac1 c6
21. Rc5 f5 22. Kg2 g4 23. Rfc1 Rc8 24. e3 Rcd8 25. d4 Rd5 26. Rxd5 cxd5 27. Rc7
Rb8 28. Rd7 Rc8 29. Rxb7 a5 30. Rd7 a4 31. Rxd5 Rc2 32. Ra5 Rxb2 33. Rxa4 h6
34. Ra5 Ra2 35. Rxf5 Kg7 36. Rf4 h5 37. a4 Rxa4 38. d5 Ra6 39. e4 Rb6 40. Rf5
Rb5 41. Rxh5 Rb4 42. Rg5+ Kf6 43. Rxg4 Ke5 44. h4 Rxe4 45. Rxe4+ Kxe4 46. d6
Kf5 47. d7 Ke6 48. d8=Q Kf5 49. Qe8 Kf6 50. Kf3 Kf5 51. g4+ Kf6 52. Ke4 Kg7 53.
Kf5 Kh7 54. Qg6+ Kh8 55. Qg5 Kh7 56. Kf6 Kh8 57. Qg7# 1-0

[Event "DEM U10 2005"]
[Site "Willingen GER"]
[Date "2005.05.20"]
[Round "10"]
[White "Schäfer, Ann-Kathrin"]
[Black "Geise, Maria"]
[Result "1-0"]
[Termination "normal"]
[Board "30"]
[WhiteElo "1118"]
[BlackElo "990"]
[PlyCount "73"]
[WhiteFideId "24615412"]
[EventCountry "GER"]
[EventRounds "11"]
[EventType "swiss"]
[EventDate "2005.05.15"]

1. g3 c5 2. Bg2 Nc6 3. c4 e6 4. d3 b6 5. Nf3 Be7 6. Nc3 Bb7 7. b3 Nf6 8. Bb2
O-O 9. O-O Qc7 10. Qd2 h6 11. Rad1 Rab8 12. Rfe1 Rfd8 13. Nb5 Qc8 14. e3 a6 15.
Nc3 Qc7 16. d4 d6 17. d5 exd5 18. Nxd5 Nxd5 19. cxd5 Nb4 20. e4 Nxa2 21. Bxg7
Kxg7 22. Qxa2 Kh7 23. Qc2 Rg8 24. e5+ Kh8 25. Qd2 Kh7 26. Nh4 Bxh4 27. Qd3+ Rg6
28. gxh4 Kh8 29. Kf1 Rbg8 30. Qe3 dxe5 31. Be4 Rg1+ 32. Ke2 Rxe1+ 33. Rxe1 Rg7
34. Qxh6+ Kg8 35. Bh7+ Rxh7 36. Rg1+ Kh8 37. Qf8# 1-0

[Event "DEM U10 2005"]
[Site "Willingen GER"]
[Date "2005.05.20"]
[Round "10"]
[White "Gerntke, Oliver"]
[Black "Scheel, Henrik"]
[Result "1-0"]
[Termination "normal"]
[Board "32"]
[WhiteElo "1085"]
[BlackElo "986"]
[PlyCount "105"]
[WhiteFideId "24647977"]
[BlackFideId "24692115"]
[EventCountry "GER"]
[EventRounds "11"]
[EventType "swiss"]
[EventDate "2005.05.15"]

1. d4 d5 2. c4 dxc4 3. e4 Nf6 4. Nc3 Nc6 5. Be3 e6 6. Nf3 Bb4 7. Qc2 O-O 8.
Bxc4 b6 9. Bd3 h6 10. O-O Ne7 11. a3 Bxc3 12. Qxc3 Bb7 13. Qc2 Rc8 14. Rfc1 Ng4
15. Bf4 Ng6 16. Bg3 c5 17. h3 Nf6 18. e5 Nd7 19. Bxg6 fxg6 20. Qxg6 Bxf3 21.
Qxe6+ Kh8 22. gxf3 Rxf3 23. Qg4 Rf7 24. e6 Nf6 25. Qe2 Re7 26. dxc5 bxc5 27. f4
Qd4+ 28. Bf2 Qxf4 29. Rxc5 Rce8 30. Qe5 Qxe5 31. Rxe5 Rxe6 32. Rxe6 Rxe6 33.
Bxa7 g5 34. b4 Re7 35. Bd4 Kg7 36. Bxf6+ Kxf6 37. a4 Rb7 38. b5 Ke6 39. Rb1 Kd5
40. a5 Kc5 41. a6 Ra7 42. b6 Rg7 43. a7 g4 44. a8=Q gxh3+ 45. Kh2 Re7 46. Qc8+
Kd6 47. Rd1+ Ke5 48. Re1+ Kf6 49. Qf8+ Kg5 50. Rg1+ Kh4 51. Qf6+ Kh5 52. Qg6+
Kh4 53. Qxh6# 1-0

[Event "DEM U10 2005"]
[Site "Willingen GER"]
[Date "2005.05.20"]
[Round "10"]
[White "Schäfer, Daniela"]
[Black "Haryanto, Selina"]
[Result "1/2-1/2"]
[Termination "normal"]
[Board "37"]
[WhiteElo "1233"]
[BlackElo "913"]
[PlyCount "27"]
[WhiteFideId "4624769"]
[EventCountry "GER"]
[EventRounds "11"]
[EventType "swiss"]
[EventDate "2005.05.15"]

1. e4 e5 2. Nf3 Nc6 3. Bb5 a6 4. Bxc6 dxc6 5. d4 Nf6 6. O-O Nxe4 7. Re1 Bf5 8.
Nxe5 Bd6 9. f3 Bxe5 10. dxe5 Qxd1 11. Rxd1 Nc5 12. c3 O-O 13. Be3 Ne6 14. Nd2
1/2-1/2

[Event "DEM U10 2005"]
[Site "Willingen GER"]
[Date "2005.05.20"]
[Round "10"]
[White "Rethmann, Kristin"]
[Black "Bakalarz, Bianca"]
[Result "1-0"]
[Termination "normal"]
[Board "38"]
[WhiteElo "863"]
[BlackElo "983"]
[PlyCount "105"]
[WhiteFideId "24655805"]
[EventCountry "GER"]
[EventRounds "11"]
[EventType "swiss"]
[EventDate "2005.05.15"]

1. e4 c5 2. Nc3 e6 3. g3 Nf6 4. Bg2 Nc6 5. d3 Be7 6. Nge2 O-O 7. O-O d5 8. exd5
exd5 9. Bg5 Re8 10. Bxf6 Bxf6 11. Bxd5 Nb4 12. Bg2 Bg4 13. Re1 Bd4 14. Qd2 Be5
15. Bxb7 Bh3 16. Bxa8 Qxa8 17. Nf4 Bxf4 18. Rxe8+ Qxe8 19. Qxf4 Nxc2 20. Rc1
Ne1 21. Qd6 Nf3+ 22. Kh1 Qa8 23. Qd5 Qxd5 24. Nxd5 f5 25. Nf4 Bg4 26. h3 g5 27.
hxg4 gxf4 28. gxf5 fxg3 29. fxg3 Nd4 30. Rxc5 Kf7 31. Rd5 Nc2 32. Rd6 Ke7 33.
Ra6 Nb4 34. Rxa7+ Kf6 35. Rxh7 Kxf5 36. d4 Nxa2 37. Re7 Nb4 38. Re8 Nd5 39. Kg2
Nb4 40. Kh3 Nd3 41. b3 Nb4 42. Kh4 Nd5 43. Re5+ Kf6 44. Rxd5 Ke6 45. Rc5 Kd6
46. b4 Kd7 47. b5 Kd6 48. b6 Kd7 49. b7 Kd6 50. b8=R Kd7 51. Rb6 Kd8 52. Rb7
Ke8 53. Rc8# 1-0

[Event "DEM U10 2005"]
[Site "Willingen GER"]
[Date "2005.05.20"]
[Round "10"]
[White "Princeataia, Elina"]
[Black "Peil, Christoph"]
[Result "1-0"]
[Termination "normal"]
[Board "39"]
[WhiteElo "729"]
[BlackElo "1096"]
[PlyCount "57"]
[BlackFideId "24651800"]
[EventCountry "GER"]
[EventRounds "11"]
[EventType "swiss"]
[EventDate "2005.05.15"]

1. e4 c5 2. Nf3 d6 3. Bc4 Nf6 4. Nc3 e6 5. d4 cxd4 6. Qxd4 Nc6 7. Bb5 Qc7 8.
O-O Bd7 9. Qd3 Be7 10. Be3 O-O 11. Rad1 Nb4 12. Qd2 a6 13. Bxd7 Qxd7 14. Rfe1
Rac8 15. h3 Qc7 16. Re2 d5 17. Bf4 Qb6 18. Nd4 Nc6 19. Be5 Nxd4 20. Bxd4 Qd8
21. Re3 Qa5 22. Rg3 Kh8 23. Qg5 Rg8 24. Rdd3 h6 25. Qh4 Rce8 26. Rdf3 Qb4 27.
Bxf6 Bxf6 28. Rxf6 gxf6 29. Qxh6# 1-0

[Event "DEM U10 2005"]
[Site "Willingen GER"]
[Date "2005.05.20"]
[Round "10"]
[White "Zeller, Elisa"]
[Black "von Freydorf, Sofia"]
[Result "0-1"]
[Termination "normal"]
[Board "41"]
[WhiteElo "794"]
[BlackElo "965"]
[PlyCount "98"]
[WhiteFideId "24662410"]
[EventCountry "GER"]
[EventRounds "11"]
[EventType "swiss"]
[EventDate "2005.05.15"]

1. e4 e5 2. Bc4 Nf6 3. Nc3 Be7 4. Nf3 Nc6 5. O-O O-O 6. d3 d6 7. h3 Be6 8. Bb3
Qd7 9. Bg5 h6 10. Bxf6 Bxf6 11. Ba4 Rad8 12. Nb5 a6 13. Na7 b5 14. Nxc6 Qxc6
15. Bb3 a5 16. c3 a4 17. Bc2 Rfe8 18. d4 exd4 19. cxd4 d5 20. e5 Be7 21. Rc1
Qd7 22. b3 axb3 23. Bxb3 Bb4 24. Bc2 Bf5 25. Rb1 Bc3 26. Nh4 Bxc2 27. Qxc2 Bxd4
28. Qf5 Qxf5 29. Nxf5 Bxe5 30. Rbe1 g6 31. Nxh6+ Kg7 32. Ng4 Bc3 33. Rxe8 Rxe8
34. Rc1 Re1+ 35. Rxe1 Bxe1 36. Ne5 Kf6 37. Nd7+ Ke6 38. Nc5+ Ke5 39. Nd3+ Ke4
40. Nxe1 d4 41. h4 d3 42. g4 d2 43. h5 dxe1=Q+ 44. Kg2 Qe2 45. h6 Qxg4+ 46. Kf1
Qh3+ 47. Ke1 Qxh6 48. Kd1 Kd3 49. a4 Qd2# 0-1

[Event "DEM U10 2005"]
[Site "Willingen GER"]
[Date "2005.05.20"]
[Round "10"]
[White "Pannier, Lukas"]
[Black "Spilke, Paul"]
[Result "1-0"]
[Termination "normal"]
[Board "42"]
[WhiteElo "948"]
[BlackElo "893"]
[PlyCount "93"]
[EventCountry "GER"]
[EventRounds "11"]
[EventType "swiss"]
[EventDate "2005.05.15"]

1. e4 e5 2. Nf3 Nc6 3. Bc4 Nf6 4. Nc3 Bc5 5. O-O d6 6. h3 O-O 7. d3 h6 8. Be3
Bb6 9. Qd2 Bd7 10. Rfe1 Re8 11. Rad1 Qe7 12. Bxh6 gxh6 13. Qxh6 Nh7 14. Kh2 Qf6
15. Qxf6 Nxf6 16. Ng5 Be6 17. Bxe6 d5 18. Bxf7+ Kg7 19. Bxe8 Rxe8 20. exd5 Nb4
21. Rd2 Nfxd5 22. Nxd5 Nxd5 23. Rde2 Nb4 24. Rxe5 Rxe5 25. Rxe5 Bxf2 26. g3 Bd4
27. Re6 Bxb2 28. h4 Nxa2 29. h5 Kg8 30. h6 Bg7 31. Re8+ Bf8 32. h7+ Kg7 33.
Ne6+ Kxh7 34. Nxf8+ Kh6 35. Ne6 Kh5 36. Rh8+ Kg4 37. Rg8+ Kh5 38. g4+ Kh4 39.
g5 Kh5 40. g6 Kh6 41. g7 Kh7 42. Rh8+ Kg6 43. g8=Q+ Kf6 44. Rh6+ Kf5 45. Qf8+
Kg4 46. Rg6+ Kh5 47. Qh6# 1-0

[Event "DEM U10 2005"]
[Site "Willingen GER"]
[Date "2005.05.20"]
[Round "10"]
[White "Marx, Inga"]
[Black "Kalliwoda, Theresa"]
[Result "1-0"]
[Termination "normal"]
[Board "43"]
[WhiteElo "920"]
[BlackElo "868"]
[PlyCount "47"]
[WhiteFideId "4654749"]
[EventCountry "GER"]
[EventRounds "11"]
[EventType "swiss"]
[EventDate "2005.05.15"]

1. e4 e6 2. d4 d5 3. exd5 Nf6 4. Bd3 Nxd5 5. Bd2 c5 6. Nf3 Nc6 7. O-O cxd4 8.
c3 dxc3 9. Nxc3 b6 10. Qe2 Bb7 11. Nxd5 Qxd5 12. Bc4 Nd4 13. Nxd4 Qxd4 14. Bb5+
Kd8 15. Rfd1 Bd5 16. Bg5+ f6 17. Rxd4 fxg5 18. Qxe6 Kc7 19. Rxd5 Bc5 20. Qc6+
Kb8 21. Rd7 Bxf2+ 22. Kxf2 Rf8+ 23. Kg1 a6 24. Qb7# 1-0

[Event "DEM U10 2005"]
[Site "Willingen GER"]
[Date "2005.05.20"]
[Round "10"]
[White "Mädge, Rico"]
[Black "Hümmecke, Aaron"]
[Result "0-1"]
[Termination "normal"]
[Board "44"]
[WhiteElo "826"]
[BlackElo "770"]
[PlyCount "35"]
[BlackFideId "24692522"]
[EventCountry "GER"]
[EventRounds "11"]
[EventType "swiss"]
[EventDate "2005.05.15"]

1. d4 d5 2. Nf3 Nf6 3. Nc3 Nc6 4. e3 Bf5 5. Bd3 Bxd3 6. Qxd3 e6 7. Qb5 a6 8.
Qxb7 Nb4 9. O-O Rb8 10. Qa7 Nxc2 11. Rb1 Nb4 12. a3 Ra8 13. Qb7 Nd3 14. Qc6+
Nd7 15. e4 dxe4 16. Bg5 f6 17. Qxe6+ Qe7 18. Qd5 {es folgte 18...O-O-O 19.b4
exf3 20.b5 Sb6 21.Dxf3 fxg5 22.bxa6 Txd4 23.Db7+ Kd8 24.Sb5 Ta4 25.Tfd1 Dd7 26.
Txd3 Dxd3 27.Dxc7+ Ke8 28.Te1+ Te4 29.Db8+ Ke7 30.Db7+ Kf6 31.Dc6+ Kf5 32.g4+
Kf4 33.Dc7+ Ld6 34.Sxd6 Txe1+ 35.Kg2 Df1#} 0-1